Normal view
MARC view
- الاخوان المسلمين
Entry Topical Term
001 - CONTROL NUMBER
- control field: 50031
003 - CONTROL NUMBER IDENTIFIER
- control field: JO-AjAnu
005 - DATE AND TIME OF LATEST TRANSACTION
- control field: 20230606082235.0
008 - FIXED-LENGTH DATA ELEMENTS
- fixed length control field: 230606|| aca||aabn | a|a d
040 ## - CATALOGING SOURCE
- Original cataloging agency: JO-AjAnu
- Transcribing agency: JO-AjAnu
150 ## - HEADING--TOPICAL TERM
- Topical term or geographic name entry element: الاخوان المسلمين
670 ## - SOURCE DATA FOUND
- Source citation: Work cat.: (JO-AjAnu)25580: تاليف أبي البراء، محمد ماهر عبد الكريم الخطيب, author 50030, حركة الإخوان المسلمين: عرض ونقد